Statistics for Board games by clue

Click here to take the quiz!

General Stats

  • This quiz has been taken 30 times
  • The average score is 6 of 10

Answer Stats

ClueAnswer% Correct
Has 6 types of pieces—checkered boardChess
96%
Game about properties—has a jail tooMonopoly
92%
Making words with letters, each letter has a pointScrabble
92%
Circle shaped pieces, also checkered boardCheckers
88%
Card game with numbers— has reverse cardUno
83%
A game of forming 4 in a row of same colorConnect 4
46%
Removing wooden blocks trying not to make tower fallJenga
42%
A game of putting hands and legs on certain colorTwister
38%
10 balls need to go to the other side first to win..Chinese checkers
17%
A square board, connecting pieces at corners onlyBlokus
0%

Score Distribution

Percentile by Number Answered

Percent of People with Each Score

Your Score History

You have not taken this quiz